Vlastník alebo správca?
Fond národného majetku Slovenskej republiky. Vlastníctvo v transformačnom procese. Charakter vlastníctva fondu.
Gespeichert in:
| 1. Verfasser: | |
|---|---|
| Format: | Buchkapitel |
| Sprache: | Slowakisch |
| Schlagworte: | |
| Tags: |
Keine Tags, Fügen Sie das erste Tag hinzu!
|
MARC
| LEADER | 00000naa a2200000 4500 | ||
|---|---|---|---|
| 001 | r000521 | ||
| 005 | 20221213123011.7 | ||
| 041 | 0 | |a slo | |
| 044 | |a SK | ||
| 245 | 1 | 0 | |a Vlastník alebo správca? |c J. Ďurovčík |
| 520 | |a Fond národného majetku Slovenskej republiky. Vlastníctvo v transformačnom procese. Charakter vlastníctva fondu. | ||
| 610 | 2 | 0 | |a FNM SR Bratislava |
| 610 | 2 | 0 | |a Slovensko |
| 610 | 2 | 0 | |a zákony |
| 610 | 2 | 0 | |a transformácia |
| 610 | 2 | 0 | |a vlastníctvo |
| 610 | 2 | 0 | |a privatizácia |
| 100 | 1 | |a Ďurovčík, J. | |